Loading...
Metamorphism amd plate tectonic regimes
| Main Author: | |
|---|---|
| Format: | Printed Book |
| Language: | English |
| Published: |
Pennsylvania
Dowden
1975
|
| LEADER | 00479nam a2200145 a 4500 | ||
|---|---|---|---|
| 005 | 20151028162111.0 | ||
| 008 | 960221s1955 dcuabcdjdbkoqu001 0deng d | ||
| 003 | ViArRB | ||
| 082 | |a 552.06 |b L5 | ||
| 100 | |a Ernst, W G |9 19028 | ||
| 245 | |a Metamorphism amd plate tectonic regimes | ||
| 942 | |c BK |6 _ | ||
| 260 | |a Pennsylvania |b Dowden |c 1975 | ||
| 999 | |c 75097 |d 75097 | ||
| 952 | |0 0 |1 0 |2 ddc |4 0 |6 55206_L5 |7 0 |9 87577 |a SOS |b SOS |c CART |d 2010-02-20 |l 1 |o 552.06 L5 |p MS002876 |r 2015-02-12 |s 2015-02-10 |w 2009-07-13 |y BK | ||